Alcoholic/Ethanol Fermentation - Statistics

General Stats
  • This quiz has been taken 8 times
  • The average score is 2 of 7
Answer Stats
Hint Answer % Correct
Starting molecule: Pyruvate
100%
CH3COCOO- + H+ ---> Acetic Acid and Carbon Dioxide
25%
1st Step Enzyme: Pyruvate Decarboxylase
25%
3rd Step Enzyme: Alcohol Dehydrogenase
0%
2nd Step Enzyme: Aldehyde Dehydrogenase
0%
CH3COOH + NADH + H+ ---> Acetaldehyde and Water and NAD+
0%
CH3CHO + NADH + H+ ---> Ethanol and NAD+
0%
No matching quizzes found
Score Distribution
Percent of People with Each Score
Percentile by Number Answered
Your Score History
You have not taken this quiz